00425nam a2200181 a 450000100060000000300090000600800410001502000150005604000280007108200160009910000250011524500120014026000290015230000140018165000190019594200120021499900170022611941CO-ViMGA141112s2004 ck r 000 u spa d a9586333167 aCO-ViMGAbspacCO-ViMGA04a823.3 S267i1 aScott, Walter91681210aIvanhoe aBogotá Rei Andes.1993. a509.p.il.14aNOVELA INGLESA 2ddccBK c23009d23009